[Event "La Reina op 3rd"]
[Site "La Reina"]
[Date "2019.08.26"]
[Round "2.1"]
[White "Roman Alvarez, Oscar Carlos"]
[Black "Ibarra Valladares, Adolfo"]
[Result "1-0"]
[WhiteElo "1787"]
[BlackElo "1654"]
[PlyCount "121"]
[EventDate "2019.08.21"]
[EventType "swiss"]
[EventRounds "6"]
[EventCountry "CHI"]
[SourceTitle "EXT 2024"]
[Source "ChessBase"]
[SourceDate "2023.10.10"]
[SourceVersion "1"]
[SourceVersionDate "2023.10.10"]
[SourceQuality "1"]

1. e4 c5 2. Nf3 Nc6 3. Be2 e5 4. 0-0 Nf6 5. Nc3 d6 6. d3 Be7 7. Nd5 0-0 8. c3 Be6 9. Nxe7+ Nxe7 10. Ng5 Bd7 11. f4 h6 12. Nf3 Qc7 13. Nh4 c4 14. fxe5 cxd3 15. Qxd3 Qc5+ 16. Kh1 Qxe5 17. Bf4 Qxe4 18. Bxd6 Qxd3 19. Bxd3 Rfe8 20. Rae1 Nc6 21. Nf5 Ng4 22. Bc5 b6 23. Bg1 Nge5 24. Be4 Bxf5 25. Bxf5 Rad8 26. Re2 f6 27. Rfe1 Rd6 28. Bc2 Red8 29. Be3 Nd3 30. Rf1 Nce5 31. Kg1 Kh8 32. Bb3 Nc5 33. Bd4 Nxb3 34. Bxe5 fxe5 35. axb3 Re6 36. Rf7 a5 37. Kf2 Kg8 38. Rf5 Rf8 39. Rxf8+ Kxf8 40. Ke3 Ke7 41. Ke4 Kf6 42. Rd2 g6 43. Rd5 h5 44. h4 g5 45. g3 gxh4 46. gxh4 Re7 47. c4 Re6 48. Rb5 Rd6 49. Rd5 Ke6 50. Rxe5+ Kf6 51. Rxh5 Kg6 52. Rb5 Kh6 53. b4 a4 54. c5 bxc5 55. bxc5 Re6+ 56. Kd5 Re1 57. c6 Rd1+ 58. Kc5 Rc1+ 59. Kd6 Rb1 60. c7 a3 61. c8Q 1-0

[Event "Antofagasta Zicosur op 4th"]
[Site "Antofagasta"]
[Date "2019.01.08"]
[Round "7"]
[White "Roman Alvarez, Oscar Carlos"]
[Black "Rodriguez Molina, Marco Aurelio"]
[Result "1-0"]
[WhiteElo "1806"]
[BlackElo "1377"]
[PlyCount "33"]
[EventDate "2019.01.04"]
[EventType "swiss"]
[EventRounds "10"]
[EventCountry "CHI"]
[SourceTitle "CBM 190 Extra"]
[Source "ChessBase"]
[SourceDate "2019.07.15"]
[SourceVersion "1"]
[SourceVersionDate "2019.07.15"]
[SourceQuality "1"]

1. c4 c5 2. Nc3 Nf6 3. g3 g6 4. Bg2 Bg7 5. Nf3 0-0 6. 0-0 d6 7. d4 cxd4 8. Nxd4 Qc7 9. Qd3 a6 10. a3 Nc6 11. Nxc6 bxc6 12. Bd2 Bb7 13. Rac1 c5 14. e4 Nd7 15. f4 Nb8 16. Nd5 Bxd5 17. exd5 1-0

[Event "Santiago Hexagonal Cup"]
[Site "Santiago de Chile"]
[Date "2016.06.12"]
[Round "6"]
[White "Roman Alvarez, Oscar Carlos"]
[Black "Cuevas Araya, Walter"]
[Result "0-1"]
[WhiteElo "1964"]
[BlackElo "2209"]
[PlyCount "64"]
[EventDate "2016.03.08"]
[EventType "tourn"]
[EventRounds "10"]
[EventCountry "CHI"]
[SourceTitle "EXT 2017"]
[Source "ChessBase"]
[SourceDate "2016.10.25"]
[SourceVersion "1"]
[SourceVersionDate "2016.10.25"]
[SourceQuality "1"]

1. Nf3 Nf6 2. g3 d5 3. Bg2 e6 4. 0-0 Be7 5. d3 0-0 6. c4 c5 7. Nbd2 Nc6 8. b3 Nd7 9. Bb2 Bf6 10. Qc1 b6 11. e4 Bxb2 12. Qxb2 d4 13. a3 e5 14. b4 a5 15. b5 Ne7 16. Nh4 Ng6 17. Nf5 Nf6 18. Rae1 Ra7 19. Nf3 Ne8 20. Qd2 Nd6 21. h4 f6 22. Bh3 Ne7 23. Nxe7+ Rxe7 24. Bxc8 Qxc8 25. Kg2 h6 26. Nh2 f5 27. f3 Qe6 28. g4 fxe4 29. fxe4 Ref7 30. Qe2 Rf4 31. Rxf4 Rxf4 32. Rf1 Qf6 0-1

[Event "Santiago Hexagonal Cup"]
[Site "Santiago de Chile"]
[Date "2016.03.11"]
[Round "4"]
[White "Roman Alvarez, Oscar Carlos"]
[Black "Tapia Fuentes, Jaime"]
[Result "1/2-1/2"]
[WhiteElo "1964"]
[BlackElo "2222"]
[PlyCount "62"]
[EventDate "2016.03.08"]
[EventType "tourn"]
[EventRounds "10"]
[EventCountry "CHI"]
[SourceTitle "EXT 2017"]
[Source "ChessBase"]
[SourceDate "2016.10.25"]
[SourceVersion "1"]
[SourceVersionDate "2016.10.25"]
[SourceQuality "1"]

1. Nf3 Nf6 2. g3 g6 3. Bg2 Bg7 4. 0-0 0-0 5. c4 d5 6. cxd5 Nxd5 7. Nc3 c5 8. Nxd5 Qxd5 9. d3 Nc6 10. Qc2 b6 11. Be3 Qd7 12. a3 Bb7 13. Rac1 Rfd8 14. Rfd1 Rac8 15. Qb1 e5 16. b4 cxb4 17. axb4 Nd4 18. Rxc8 Rxc8 19. Bxd4 exd4 20. Rc1 Rc3 21. Re1 b5 22. Nd2 Bxg2 23. Kxg2 Qd5+ 24. Kg1 f5 25. Qb2 Qe6 26. Nf3 a6 27. Ra1 Bf6 28. Qa2 Qxa2 29. Rxa2 Rc6 30. Kf1 Kf7 31. Ke1 Ke6 1/2-1/2

[Event "Serrano op 1st"]
[Site "Serrano"]
[Date "2015.09.09"]
[Round "2"]
[White "Roman Alvarez, Oscar Carlos"]
[Black "Bartolini Rojas, Claudio"]
[Result "1-0"]
[WhiteElo "2000"]
[BlackElo "1886"]
[PlyCount "37"]
[EventDate "2015.09.07"]
[EventType "swiss"]
[EventRounds "7"]
[EventCountry "CHI"]
[SourceTitle "EXT 2017"]
[Source "ChessBase"]
[SourceDate "2016.10.25"]
[SourceVersion "1"]
[SourceVersionDate "2016.10.25"]
[SourceQuality "1"]

1. e4 e5 2. Nf3 Nc6 3. Bb5 Bc5 4. 0-0 Nf6 5. c3 Bb6 6. d3 d6 7. Bg5 0-0 8. Nbd2 h6 9. Bh4 a6 10. Ba4 Bg4 11. h3 Bh5 12. g4 Bg6 13. Nc4 Ba7 14. Ne3 Bh7 15. g5 hxg5 16. Nxg5 Qc8 17. Nxh7 Nxh7 18. Nf5 Qd7 19. Qg4 1-0

[Event "CHI-chT"]
[Site "Santiago de Chile"]
[Date "2012.12.13"]
[Round "7"]
[White "Pollio, Carlos Eduardo"]
[Black "Roman Alvarez, Oscar Carlos"]
[Result "1-0"]
[WhiteElo "1989"]
[BlackElo "2041"]
[PlyCount "131"]
[EventDate "2012.11.22"]
[EventType "team-tourn"]
[EventRounds "9"]
[EventCountry "CHI"]
[SourceTitle "EXT 2014"]
[Source "ChessBase"]
[SourceDate "2013.11.20"]
[SourceVersion "1"]
[SourceVersionDate "2013.11.20"]
[SourceQuality "1"]

1. d4 Nf6 2. Nf3 g6 3. Bf4 Bg7 4. Nc3 0-0 5. Qd2 d6 6. Bh6 c5 7. Bxg7 Kxg7 8. d5 Nbd7 9. h4 h5 10. e4 a6 11. a4 Qc7 12. Be2 b6 13. Nh2 Ne5 14. f3 Bd7 15. Kf2 c4 16. Qd4 Rac8 17. g4 hxg4 18. fxg4 Qc5 19. Qxc5 Rxc5 20. Rag1 Rh8 21. g5 Nh5 22. Ke3 b5 23. axb5 axb5 24. Bg4 b4 25. Ne2 b3 26. Bxd7 Nxd7 27. cxb3 cxb3 28. Rc1 Ra8 29. Nd4 Ra2 30. Rb1 Ne5 31. Nxb3 Rb5 32. Nd2 Rbxb2 33. Rxb2 Rxb2 34. Rc1 Ra2 35. Rc3 Ra4 36. Rb3 Ra1 37. Rb1 Ra3+ 38. Rb3 Ra1 39. Rb1 Ra4 40. Rb3 Ng3 41. Nhf3 f5 42. Nxe5 dxe5 43. Rb7 Kf8 44. Kd3 Nxe4 45. Rb8+ Kf7 46. Nc4 Nc5+ 47. Kc3 e4 48. Ne5+ Kg7 49. Re8 Ra7 50. Nc6 Kf7 51. Rh8 Rc7 52. Rh7+ Kg8 53. Rh6 Kg7 54. Kd4 f4 55. Ne5 e3 56. Rxg6+ Kh7 57. h5 e2 58. h6 e6 59. d6 Nb3+ 60. Kd3 e1Q 61. dxc7 Qe3+ 62. Kc4 Nd2+ 63. Kb4 Qe4+ 64. Ka5 Qd5+ 65. Ka4 Qd6 66. Rg7+ 1-0

[Event "Santiago Endesa 09"]
[Site "Santiago de Chile"]
[Date "2007.07.??"]
[Round "2"]
[White "Carmona Rosales, Jose Luis"]
[Black "Roman Alvarez, Oscar Carlos"]
[Result "0-1"]
[WhiteElo "2192"]
[BlackElo "2094"]
[PlyCount "74"]
[EventDate "2007.07.??"]
[EventType "tourn"]
[EventRounds "9"]
[EventCountry "CHI"]
[SourceTitle "EXT 2008"]
[Source "ChessBase"]
[SourceDate "2007.11.25"]
[SourceVersion "1"]
[SourceVersionDate "2007.11.25"]
[SourceQuality "1"]

1. d4 Nf6 2. Nf3 g6 3. h3 Bg7 4. Bf4 0-0 5. e3 d6 6. c3 Nbd7 7. Be2 c5 8. 0-0 b6 9. a4 a5 10. Na3 Bb7 11. Bh2 Rc8 12. Qb3 Bd5 13. c4 Bc6 14. d5 Bb7 15. Rad1 Nb8 16. Nb5 Na6 17. Nd2 Nb4 18. e4 Nd7 19. g4 Ba6 20. f4 Bxb5 21. cxb5 c4 22. Bxc4 Nc5 23. Qf3 Bxb2 24. Bb3 Nxb3 25. Qxb3 Bd4+ 26. Kg2 Rc3 27. Qb1 Nc2 28. Nf3 Ne3+ 29. Kh1 Bg7 30. Bg1 Nxf1 31. Rxf1 Qc7 32. e5 Rc8 33. Qe4 Qc4 34. Qxc4 R8xc4 35. Bxb6 Rxf4 36. Kg2 Rxa4 37. Rb1 Ra2+ 0-1